| 000 | 00909nam a22002297a 4500 | ||
|---|---|---|---|
| 003 | UA-OsUOA | ||
| 001 | 48070 | ||
| 007 | ta | ||
| 008 | 20121121b un ||||| |||| 00| 0 ukr d | ||
| 090 |
_a082 _bМ71 |
||
| 942 | _cBK | ||
| 040 |
_aUA-OsUOA _bukr _cUA-OsUOA _dUA-OsUOA |
||
| 245 |
_aМіжнародний науковий конгрес "Українська історична наука на порозі ХХІ століття". Чернівці, 16-18 травня 2000 р. Доповіді та повідомлення _bТ.1. _cвідп. ред. Л. Винар, Ю. Макар |
||
| 300 | _a416 с. | ||
| 955 | _a1 | ||
| 041 | _aukr | ||
| 080 | _a082 | ||
| 260 |
_aЧернівці _bРута _c2001 |
||
| 650 | 7 |
_a08 Видання. Колективні праці _2UDC |
|
| 999 |
_c428173 _d428173 |
||